Pokémon - Quiz général #11 - Statistiques

Statistiques générales
  • Ce quiz a été pris 66 fois
  • Le résultat moyen est 5 sur 10
Statistiques - réponses
Question Réponse % Correct
Quel Pokémon possède cette description : « Il paraît qu'il vit au fond d'une grotte, d'où il surveillerait les personnes qui détruisent l'écosystème. » ? Zygarde
84%
Il existe une capacité de type Glace qui est super efficace contre le type Eau Vrai
78%
Quel type possède le plus de représentants, double-type inclus ? Eau
72%
Quel Pokémon obtient-on en réanimant un fossile Griffe ? Anorith
70%
Dans laquelle de ces villes peut-on affronter une arène de type Sol ?
60%
Lequel de ces Noigrumes n'existe pas ? Noigrume Marron
52%
Dans l'animé, qu'est-ce que la Conférence Argentée ? la compétition de la ligue de Johto
50%
Laquelle de ces propositions est fausse concernant Hélionceau ? L'un de ses talents l'empêche de subir des baisses de stats
34%
Quel Pokémon peut-on rencontrer sur l'île Nouvellune ? Darkrai
24%
À combien s'élève la puissance de la capacité Piqué lorsqu'elle est utilisée en capacité Z sous l'attaque Piqué Supersonique ? 200
16%
Aucun quiz correspondant
Distribution des résultats
% des personnes avec chaque résultat
Percentile par nombre de réponses
Votre historique - résultats
Vous n’avez pas pris ce quiz